| 000 -LEADER |
| fixed length control field |
01318nam a22002417a 4500 |
| 003 - CONTROL NUMBER IDENTIFIER |
| control field |
OSt |
| 005 - DATE AND TIME OF LATEST TRANSACTION |
| control field |
20190625094534.0 |
| 008 - FIXED-LENGTH DATA ELEMENTS--GENERAL INFORMATION |
| fixed length control field |
180315b xxu||||| |||| 00| 0 spa d |
| 020 ## - INTERNATIONAL STANDARD BOOK NUMBER |
| International Standard Book Number |
9505082215 |
| 040 ## - CATALOGING SOURCE |
| Transcribing agency |
PJ |
| 100 ## - ASIENTO PRINCIPAL - NOMBRE DE PERSONA |
| 9 (RLIN) |
2562 |
| Personal name |
Alchourrón, Carlos E. |
| 245 10 - MENCIÓN DE TÍTULO |
| Título propiamente dicho |
Introducción a la metodología de las ciencias jurídicas y sociales / |
| Mención de responsabilidad, etc |
Carlos E. Alchourrón, Eugenio Bulygin. |
| 260 ## - PUBLICATION, DISTRIBUTION, ETC. (IMPRINT) |
| Place of publication, distribution, etc |
Buenos Aires : |
| Name of publisher, distributor, etc |
Astrea, |
| Date of publication, distribution, etc |
1993. |
| 300 ## - DESCRIPCION FISICA |
| Extent |
277 p. |
| Dimensions |
23 cm. |
| 490 ## - MENCION DE SERIE |
| Mención de Serie |
Colección Mayor. Filosofia y Derecho |
| Designación numérica/secuencial del volumen |
1 |
| 500 ## - NOTA GENERAL |
| General note |
Notas y citas bibliográficas a pie de página. |
| 504 ## - NOTA DE BIBLIOGRAFÍA, ETC. |
| Bibliography, etc |
Bibliografía: p. 265-272. |
| 505 ## - FORMATTED CONTENTS NOTE |
| Formatted contents note |
Primera parte: La lógica de los sistema normativos -- I. Un modelo para los sistemas normativos -- II. El concepto del caso -- III: El concepto de solución -- IV. El concepto de sistema normativo -- Segunda parte: algunos problemas metodológicos de la ciencia del derecho -- V. Problemas de sistematizan en el derecho. -- VI.El problema de la relevancia y las lagunas axiológicas -- VII. El problema de la clausura --VIII. El problema de las lagunas y la decisión judicial -- IX. Completitud como idea racional.<br/> |
| 650 #0 - ASIENTO SECUNDARIO DE MATERIA - TERMINO TEMATICO |
| 9 (RLIN) |
177 |
| Topical term or geographic name as entry element |
FILOSOFIA DEL DERECHO |
| 650 #0 - ASIENTO SECUNDARIO DE MATERIA - TERMINO TEMATICO |
| 9 (RLIN) |
253 |
| Topical term or geographic name as entry element |
METODO JURIDICO |
| 700 ## - ADDED ENTRY--PERSONAL NAME |
| 9 (RLIN) |
2012 |
| Personal name |
Bulygin, Eugenio |
| 942 ## - ADDED ENTRY ELEMENTS (KOHA) |
| Source of classification or shelving scheme |
|
| Koha item type |
Libros |
| Classification part |
340.12 |
| Item part |
ALC |